| 000 | 01412nam a2200337 i 4500 | ||
|---|---|---|---|
| 003 | EG-GICUC | ||
| 005 | 20260121101531.0 | ||
| 008 | 251221s2009 ua ||||fr|||| 00| 0 ara d | ||
| 017 | _a2009/2135 | ||
| 020 | _a9773285480 | ||
| 040 |
_a EG-GICUC _bara _c EG-GICUC _d EG-GICUC _erda |
||
| 041 | 0 | _aara | |
| 082 | 0 | 4 |
_221 _a345.45 _bخ ل . ر |
| 092 | 0 | 4 | _221 |
| 099 | _aLaw1 07 345.45 خ ل . ر 2009 | ||
| 100 | 0 |
_aخليفة سالم الجهمي _eمؤلف. |
|
| 245 | 1 | 2 |
_aالرقابة القضائية على التناسب بين العقوبة والجريمة في مجال التأديب : _bمحاولة لرسم ملامح نظرية عامة لقضاء الغلو دراسة في القانون الإداري العربي المقارن / _cدكتور خليفة سالم الجهمي. |
| 264 | 1 |
_aالإسكندرية : _bدار الجامعة الجديدة للنشر، _c2009. |
|
| 300 |
_a467 صفحة ؛ _c24 سم. |
||
| 336 |
_2rda content _atext |
||
| 337 |
_2rda media _aComputer |
||
| 338 |
_2rda carrier _aOnline Resource |
||
| 504 | _a. 435-458 ببليوجرافيا: صفحات | ||
| 546 | _aالنص باللغة العربية | ||
| 650 | 1 | 4 |
_aالسلطات التاديبية _2qrmak |
| 650 | 1 | 4 |
_aالقانون الإدارى _2qrmak |
| 651 | 1 | _2qrmak | |
| 856 | 4 | 0 | _uhttps://fll.law.cu.edu.eg/fulltext/bks/B07-01790.pdf |
| 905 | _a77 | ||
| 942 |
_2ddc _cBK _e21 _n0 |
||
| 999 |
_c52094 _d52094 |
||